Sports Quiz

Random Sports or Football Quiz

Any MVP by NFL Team Quiz Stats

 Plays Quiz Updated Feb 2, 2019

Score 0/25 Timer 06:00
15 Plays Today
Team Player(s) % Correct
PackersAaron Rodgers (2), Brett Favre (3), Bart Starr, Jim Taylor, Paul Hornung
98.6%
ColtsPeyton Manning (4), Bert Jones, Earl Morrall, Johnny Unitas (3)
98.4%
BroncosPeyton Manning, Terrell Davis, John Elway
96.5%
49ersSteve Young (2), Joe Montana (2), John Brodie
96.2%
PatriotsTom Brady (3)
94.6%
RamsKurt Warner (2), Marshall Faulk, Roman Gabriel
88%
BrownsBrian Sipe, Jim Brown (3)
86.1%
VikingsAdrian Peterson, Fran Tarkenton, Alan Page
82%
DolphinsDan Marino
79.7%
PanthersCam Newton
79.5%
CowboysEmmitt Smith
76.7%
RaidersRich Gannon, Marcus Allen, Ken Stabler
73.2%
LionsBarry Sanders
71.8%
Team Player(s) % Correct
BearsWalter Payton
71.3%
FalconsMatt Ryan
70.1%
ChargersLaDainian Tomlinson
69%
SteelersTerry Bradshaw
66.4%
Titans/OilersSteve McNair, Earl Campbell
66.3%
GiantsLawrence Taylor, Y. A. Tittle
65.9%
BillsThurman Thomas, O.J. Simpson
65.7%
SeahawksShaun Alexander
58.1%
BengalsBoomer Esiason, Ken Anderson
55.5%
ChiefsPatrick Mahomes
48.2%
RedskinsJoe Theismann, Mark Moseley, Larry Brown
48.1%
EaglesNorm Van Brocklin
12.3%

You're not logged in!

Compare scores with friends on all Sporcle quizzes.
OR
Log In

You Might Also Like...

Show Comments

Extras

Top Quizzes Today


Score Distribution

Your Account Isn't Verified!

In order to create a playlist on Sporcle, you need to verify the email address you used during registration. Go to your Sporcle Settings to finish the process.

Report this User

Report this user for behavior that violates our Community Guidelines.

Details: